000 00401nam a22001697a 4500
003 MPLRDC
005 20220104145633.0
008 210129b ||||| |||| 00| 0 eng d
082 _a802.6 ZDS
100 _a祝笛生编
245 _a词类使用法
_c
250 _a初版
260 _a
_b上海书局
_c1958
300 _b
650 _a华文文法、汉语文法
942 _cBK
_o802.6 ZDS
999 _c51428
_d51418